000 01061cab a2200241 4500
001 WB3244-31
008 090401t1996 xxu||||| |||| 00| 0 eng d
035 _a(Sirsi) u56286
041 _aeng
245 _aConservation area
260 _c1996
350 _a0
490 _aEstates Gazette Case Summaries
_v1996 EGCS 176 (16/11/96)
520 _a"Historic Buildings and Monuments Commission v SoS Environment" HC 6 November 1996. The inspector`s decision in allowing the fitting of a UPVC front door to a house subject to Article 4 direction was upheld. The claim that there was a danger of setting a precedent of a material consideration where the decision was subject to Planning (Listed Buildings and Conservation Areas) Act 1990 s72 was dismissed.
650 _aARTICLE 4 DIRECTION
650 _aCONSERVATION AREA
650 _aMATERIAL CONSIDERATION
650 _aPLANNING (LISTED BUILDINGS AND CONSERVATION AREAS) ACT 1990 S72
650 _aUPVC DOORS
690 _aPLANNING LAW AND PRACTICE-CASE LAW
942 _n0
948 _c04/03/1997
999 _c34324
_d34324